000 00855nam a2200229Ii 4500
003 JO-AjNU
008 230605s9999||||xx |||||||||||||| ||und||
017 _a1997/11818
020 _a977=01-9895-1
040 _aJO-AjNU
_bara
_erda
_cJO-AjNU
041 _aara
050 1 4 _aDT54.E2612 1997
100 3 _aتاليف إدواردز، إميليا؛ ترجمة ابراهيم، ابراهيم سلامة؛ مراجعة طه، محمود ماهر,
_eauthor
_914058
245 0 0 _aرحلة الألف ميل
264 3 1 _aالقاهرة: الهيئة المصرية العامة للكتاب، 1997
300 _a451ص
_bصور توضيحية
336 _atext
_btxt
_2rdacontent
337 _aunmediated
_bn
_2rdamedia
338 _avolume
_bnc
_2rdacarrier
490 0 _aالالف كتاب الثاني
650 4 _aمصر-وصف رحلات
_914059
999 _aA3658
_c7226
_d7226